Countries Visited by The Sidemen - Statistics

General Stats
  • This quiz has been taken 223 times
    115 since last reset
  • The average score is 22 of 31
Answers on the Map
Answers color-coded by a green-red scale on the quiz's map according to % correct below.
 
Answer Stats
Answer % Correct
France
99%
United States
98%
Italy
97%
Spain
96%
United Kingdom
96%
Germany
95%
Ireland
92%
Sweden
88%
Iceland
87%
Japan
84%
Switzerland
82%
Belgium
80%
Greece
80%
Russia
79%
United Arab Emirates
78%
Denmark
75%
Netherlands
75%
Austria
73%
Finland
72%
Turkey
71%
Croatia
68%
Morocco
64%
Czech Republic
61%
Hungary
60%
Slovakia
58%
Albania
53%
Bosnia and Herzegovina
47%
Cyprus
45%
Montenegro
41%
Maldives
28%
San Marino
26%
No matching quizzes found
Score Distribution
Percent of People with Each Score
Percentile by Number Answered
Your Score History
You have not taken this quiz since the last reset